000 00549nam a2200181Ia 4500
008 090123s9999 xx 000 0 und d
082 _b43144
100 _aजाधव नरेंद्र
245 _aआमचा बाप आन आम्ही
250 _a5
260 _c2008
300 _a290
600 _aजाधव नरेंद्र
630 _aआमचा बाप आन आम्ही
700 _aजाधव नरेंद्र
730 _aआमचा बाप आन आम्ही
942 _cBOOK
999 _c81222
_d81222